| 000 | 00787nam a22002177a 4500 | ||
|---|---|---|---|
| 003 | OSt | ||
| 005 | 20251127151259.0 | ||
| 008 | 251127b |||||||| |||| 00| 0 eng d | ||
| 020 | _a978-1-84334-679-6 | ||
| 040 |
_aDWCL-Main lib. _cOC |
||
| 082 | _aCirc. 371.102 B136t 2012 | ||
| 100 | _aBadke, William B. | ||
| 245 |
_aTeaching research processes : _bthe faculty role in the development of skilled student researchers/ _cWilliam B. Badke |
||
| 260 |
_aU.K. : _bChandos Publishing., _cc2012. |
||
| 300 |
_axvii, 221 pages : _billustrations ; _c24 centimeters. |
||
| 504 | _aIncludes references and index. | ||
| 650 | _a1. Effective teaching. | ||
| 650 | _a2. Research--Study and teaching (Higher). | ||
| 650 | _a3. College teaching. | ||
| 942 |
_2ddc _cBK-CIRC _hCirc. _n0 |
||
| 999 |
_c6493 _d6493 |
||